000 00777nam a2200265 4500
003 OSt
005 20260530113902.0
008 260507b1974 ||| |||| |||| 00| 0 spa d
040 _aICI
_bspa
_cICI
050 _aHB175
_bV418
100 1 _aVeblen, Thorstein
_932445
245 1 0 _aTeoria de la Clase Ociosa
264 1 _bFondo de Cultura Económica
_c1974
_aMéxico
300 _a406 páginas
336 _atexto
_2rdacontent
337 _asin medio
_2rdamedia
338 _avolumen
_2rdacarrier
650 _aConsumo (Economía)
_932446
650 _aClases sociales
_927611
650 _aSociología económica
_932447
650 _aEconomía institucional
_932448
650 _aConducta del consumidor
_932449
650 _aCultura material
_932450
942 _2lcc
_cBK
_n1
999 _c11828
_d11828